| 000 | 01368nam a2200337 a 4500 | ||
|---|---|---|---|
| 001 | ebr10591291 | ||
| 003 | CaPaEBR | ||
| 006 | m u | ||
| 007 | cr cn||||||||| | ||
| 008 | 900307s1989 gw s 001 0 lat d | ||
| 020 | _z3519010240 | ||
| 020 | _z9783598710247 | ||
| 020 | _z9783110966541 (e-book) | ||
| 040 |
_aCaPaEBR _cCaPaEBR |
||
| 035 | _a(OCoLC)811401029 | ||
| 050 | 1 | 4 |
_aPA3864.A42 _bP76 1989eb |
| 100 | 0 |
_aAlexander, _cof Lycopolis. |
|
| 245 | 1 | 0 |
_aAlexandri Lycopolitani Contra Manichaei opiniones disputatio _h[electronic resource] / _cedidit Augustus Brinkmann. |
| 250 | _aEd. stereotypa editionis primae [1895]. | ||
| 260 |
_aStuttgart : _bTeubner, _c1989. |
||
| 300 | _axxxi, 50 p. | ||
| 440 | 0 | _aBibliotheca scriptorum Graecorum et Romanorum Teubneriana | |
| 500 | _aIncludes index. | ||
| 533 |
_aElectronic reproduction. _bPalo Alto, Calif. : _cebrary, _d2011. _nAvailable via World Wide Web. _nAccess may be limited to ebrary affiliated libraries. |
||
| 650 | 0 |
_aManichaeism _vControversial literature _vEarly works to 1800. |
|
| 650 | 0 |
_aChristianity _xPhilosophy _vEarly works to 1800. |
|
| 655 | 7 |
_aElectronic books. _2local |
|
| 700 | 1 | _aBrinkmann, Augustus. | |
| 710 | 2 | _aebrary, Inc. | |
| 856 | 4 | 0 |
_uhttp://site.ebrary.com/lib/rucke/Doc?id=10591291 _zAn electronic book accessible through the World Wide Web; click to view |
| 999 |
_c210060 _d210060 |
||